| 000 | 00948namaa2200301 a 4500 | ||
|---|---|---|---|
| 001 | vtls001305114 | ||
| 003 | NLI | ||
| 005 | 20210627043906.0 | ||
| 008 | 120418s1979 dcu i000 0 eng | ||
| 039 | 9 |
_y201204181936 _zVLOAD |
|
| 040 | 0 |
_aNLI _cVTLS-2012_FOD _eAACR2 |
|
| 041 | 0 | _aeng | |
| 044 | _adcu | ||
| 082 | 0 | 4 | _a005 |
| 100 | 1 |
_aPeacock, Richard D. _9725510 |
|
| 245 | 1 | 2 |
_aA computer program for the reduction of data from automatic data acquisition systemj / _cby Richard D. Peacock |
| 260 |
_aWashington, D.C. : _bUnited States Department of Commerce, _c1979 |
||
| 300 |
_aVarious pagings ; _c30 cm. |
||
| 500 | _aCover title | ||
| 650 | 0 |
_aComputer programs _9676352 |
|
| 650 | 0 |
_aText processing _9725511 |
|
| 710 | 1 |
_aUnited States. _bDepartment of Commerce _9695430 |
|
| 887 | _a | ||
| 901 |
_aAD 129713 _b22.10.2010 |
||
| 902 | _aU.S 005 P 31 | ||
| 949 |
_AVIRTUAITEM _D10000 _X100 _6ADX000005ENG |
||
| 942 |
_2ddc _cBKS |
||
| 999 |
_c596222 _d596222 |
||